[Event "Ruhrgebiet Bezirksliga 16/17"]
[Site "Ruhrgebiet"]
[Date "2017.01.08"]
[Round "6.8"]
[White "Jungkind, Roland"]
[Black "Moeller, Manuel"]
[Result "0-1"]
[WhiteElo "1081"]
[BlackElo "1485"]
[PlyCount "44"]
[EventDate "2016.08.28"]
[EventType "team-tourn"]
[EventRounds "11"]
[EventCountry "GER"]
[SourceTitle "EXT 2022"]
[Source "ChessBase"]
[SourceDate "2021.10.06"]
[SourceVersion "1"]
[SourceVersionDate "2021.10.06"]
[SourceQuality "1"]
[WhiteTeam "Luenen Horstmar SC II"]
[BlackTeam "Kamen SV III"]
[WhiteTeamCountry "GER"]
[BlackTeamCountry "GER"]

1. e4 c6 2. d4 d5 3. Nc3 dxe4 4. Nxe4 Bf5 5. Ng3 Bg6 6. Nf3 h6 7. Bd3 Bxd3 8. Qxd3 e6 9. 0-0 Bd6 10. Ne4 Qc7 11. Re1 Ne7 12. c4 Nd7 13. b3 0-0 14. Neg5 hxg5 15. Nxg5 Ng6 16. Qh3 Nf6 17. Bb2 Bf4 18. Nf3 Bh6 19. Rad1 Nf4 20. Qh4 N6h5 21. Qg4 f5 22. Qh4 g5 0-1